000 00684nam a2200241Ia 4500
003 OSt
005 20220930200103.0
006 a|||||r|||| 00| 0
007 ta
008 220926b |||||||| |||| 00| 0 hin d
024 _a19983
037 _cDissertations
040 _aCRL
_cCRL
_bhin
041 _2hin
_ahin
100 _aMeena Kumari
110 _aUniversity of Delhi. Faculty of Arts. Department of Sanskrit
245 0 _aParmukh grah sutron mein upnayan av vedarabh sanskar
260 _c1990
650 _aSANSKRIT
700 _aUniversity of Delhi. Faculty of Arts. Department of Sanskrit
942 _cDIS
_2CC
999 _c900140
_d900140